| 000 | 01455cam a2200157 4500500 | ||
|---|---|---|---|
| 005 | 20260208005858.0 | ||
| 041 | _afre | ||
| 042 | _adc | ||
| 100 | 1 | 0 |
_aGranderoute, Robert _eauthor |
| 245 | 0 | 0 | _aMathieu Marais et le Journal de Parisou « tout faiseur de journaux doit tribut au Malin » |
| 260 | _c2006. | ||
| 500 | _a55 | ||
| 520 | _aSource incomparable de faits et d’anecdotes, le Journal de Paris de M. Marais, qui couvre la Régence et le début du règne de Louis XV, est marqué par une forte tonalité satirique. Outre qu’il se rehausse de petites pièces mordantes qui courent alors les rues et prend ainsi en partie l’allure d’un « chansonnier historique », il s’ouvre à la veine satirique du journaliste qui n’épargne ni les grands, ni les représentants du pouvoir, ni les écrivains, notamment les Modernes, dont il se plaît à attaquer la personne sinon l’œuvre. Au service de cette satire, qui traduit le regard critique de l’observateur sur son temps et les bouleversements que celui-ci connaît, est employé un arsenal de procédés efficaces d’où se distingue le recours à la citation laquelle, par son choix et sa place, se révèle riche d’effet épigrammatique. | ||
| 786 | 0 | _nRevue d'histoire littéraire de la France | 106 | 4 | 2006-10-01 | p. 811-826 | 0035-2411 | |
| 856 | 4 | 1 | _uhttps://shs.cairn.info/revue-d-histoire-litteraire-de-la-france-2006-4-page-811?lang=fr&redirect-ssocas=7080 |
| 999 |
_c1654214 _d1654214 |
||